书目信息 |
| 题名: |
公路实用勘测设计
|
|
| 作者: | 何景华 主编 | |
| 分册: | ||
| 出版信息: | 北京 人民交通出版社 2001.01 |
|
| 页数: | 275页 | |
| 开本: | 20cm | |
| 丛书名: | ||
| 单 册: | ||
| 中图分类: | U412 | |
| 科图分类: | ||
| 主题词: | 道路工程 | |
| 电子资源: | ||
| ISBN: | 978-7-114-03780-1 | |
| 000 | 00581nam0 2200193 450 | |
| 001 | 1259865262 | |
| 005 | 20120417164147.40 | |
| 010 | @a978-7-114-03780-1@dCNY19.00 | |
| 100 | @a20120417d2001 km y0chiy0120 ea | |
| 101 | 0 | @achi |
| 102 | @aCN@b110000 | |
| 200 | 1 | @a公路实用勘测设计@Agong lu shi yong kan ce she ji@f何景华主编@Fhe jing hua zhu bian |
| 210 | @a北京@c人民交通出版社@d2001.01 | |
| 215 | @a275页@d20cm | |
| 606 | 0 | @a道路工程 |
| 690 | @aU412@v4 | |
| 701 | 0 | @a何景华@Ahe jing hua@4主编 |
| 801 | 0 | @aCN@b大连网信软件有限公司图书馆·11@c20120417 |
| 905 | @aZUCC@dU412@eH182 | |
| 公路实用勘测设计/何景华主编.-北京:人民交通出版社,2001.01 |
| 275页;20cm |
| ISBN 978-7-114-03780-1:CNY19.00 |
| ● |
| 相关链接 |
|
|
|
正题名:公路实用勘测设计
索取号:U412/H182
 
预约/预借
| 序号 | 登录号 | 条形码 | 馆藏地/架位号 | 状态 | 备注 |
| 1 | 484986 | 204849860 | 土木与交通工程学院资料室/ [索取号:U412/H182] | 在馆 |